000 00739nam a22002177a 4500
005 20210815234123.0
008 210815s1974 pe |||fr|||| 001 0 spa d
040 _aCENDOC CAAAP
_bspa
_cCAAAP
041 _aspa
050 _aHA 1068.S1
_b.P45 1972
245 _aCensos Nacionales VII de Población II de vivienda :
_bdepartamento de San Martín
250 _a1ra ed.
260 _aLima:
_bINEI,
_c1975
300 _a2 tomos
505 _aContiene: Contiene : Resultados definitivos --Censos de Población --Censos de vivienda-- Anexos.
650 1 0 _91407
_aCensos
650 2 0 _93296
_aPoblación
650 2 0 _93768
_aVivienda
651 0 _93805
_aSan Martín (Perú: Departamento)
_xCondiciones sociales
942 _2lcc
_b16 - 08 - 21
_cBK
999 _c2190
_d2190